Hip-Hop General Knowledge - Statistics

General Stats
  • This quiz has been taken 124 times
  • The average score is 8 of 13
Answer Stats
Hint Answer % Correct
Who is the real Slim Shady? Eminem
100%
What group came Straight Outta Compton? N.W.A
97%
Who released 'California Love'? Tupac
96%
Which rapper was shot and killed in 1997? Biggie
93%
Who produced '2001' and 'The Chronic'? Dr. Dre
93%
Name one of the two members of 'Outkast'. Andre 3000, Big Boi
89%
Who released the masterpiece named 'Illmatic'? Nas
85%
Who produces for Kanye West? Kanye West
64%
What does C.R.E.A.M stand for? Cash Rules EverythingAround Me
63%
Where is Hip-Hop said to have originated? The Bronx
33%
What is the name of the collaboration album between Jay-Z and Linkin Park? CollisionCourse
12%
What group from Long Island, NYC releasedthe song 'Harder Than You Think' in 2007? Public Enemy
10%
Who is Kevin Martin better known as? 50 Cent
5%
No matching quizzes found
Score Distribution
Percent of People with Each Score
Percentile by Number Answered
Your Score History
You have not taken this quiz